ر ا جند ر سنگھ بيد ی کی ا فسا نہ نگا ر ی (Record no. 170903)

MARC details
000 -LEADER
fixed length control field 00677nam a22001937a 4500
005 - DATE AND TIME OF LATEST TRANSACTION
control field 20191230131058.0
010 ## - LCCN (DPL NO)
LC control number A-645052
020 ## - INTERNATIONAL STANDARD BOOK NUMBER
Terms of availability 20.00
International Standard Book Number -
035 ## - SYSTEM CONTROL NUMBER
System control number A-645052
037 ## - SOURCE OF ACQUISITION
Source of stock number/acquisition BPPD
082 ## - DEWEY DECIMAL CLASSIFICATION NUMBER
Classification number 843.08
100 ## - MAIN ENTRY--PERSONAL NAME
Personal name و ہا ب ا شر فی
245 ## - TITLE STATEMENT
Title ر ا جند ر سنگھ بيد ی کی ا فسا نہ نگا ر ی
Statement of responsibility, etc و ہا ب ا شر فی
246 ## - VARYING FORM OF TITLE
Title proper/short title Rajinder Singh Bedi Ki Afsana Nigari (Urdu)
Remainder of title by Wahab Ashrafi
260 ## - PUBLICATION, DISTRIBUTION, ETC. (IMPRINT)
Place of publication, distribution, etc -
Date of publication, distribution, etc 1994 ء
Name of publisher, distributor, etc Educational Publishing House
270 ## - ADDRESS
Address 3108,Gali Azizuddin,Kucha Pandit,Lal Kuan
City Delhi
Telephone number 526162
Postal code 110006
300 ## - PHYSICAL DESCRIPTION
Extent 87 ص
Dimensions 22 cm(hb)
942 ## - ADDED ENTRY ELEMENTS (KOHA)
Source of classification or shelving scheme Dewey Decimal Classification
Item type Urdu Bks
Classification part 843.08
Call number suffix ب ے د
Holdings
Withdrawn status Lost status Not for loan Collection code Home library Current library Date acquired Source of acquisition Cost, normal purchase price Full call number Barcode Copy number Cost, replacement price Koha item type
      Non-fiction Central Library Central Library 30/12/2019 BPPD/Ven. 20.00 843.08 ب ے د A-645052 1 20.00 Urdu Bks

© Delhi Public Library
Hit Counter
free hit counter